Największe powiaty w Polsce pod względem ludności - Statystyki

Ogólne statystyki
  • Ten quiz został rozwiązany 124 razy
    117 od ostatniego zresetowania
  • Średni wynik to 15 z 20
Statystyki odpowiedzi
Populacja Powiat % Poprawnych
1 777 972 Warszawa
99%
771 069 Kraków
98%
466 631 Gdańsk
97%
685 285 Łódź
97%
294 510 Katowice
96%
402 465 Szczecin
95%
640 648 Wrocław
95%
536 438 Poznań
92%
350 178 Bydgoszcz
91%
246 309 Gdynia
90%
339 682 Lublin
90%
297 459 Białystok
89%
213 029 Radom
85%
222 292 Częstochowa
78%
390 308 poznański
54%
277 145 krakowski
51%
210 694 kielecki
33%
245 357 wołomiński
29%
215 908 wejherowski
23%
216 176 nowosądecki
20%
Nie znaleziono quizów pasujących do podanych kryteriów
Rozkład punktacji
Procent ludzi z każdym wynikiem
Percentyl według liczby udzielonych odpowiedzi
Twoja historia wyników
Nie rozwiązałeś tego quizu od ostatniego zresetowania